000 00971nam a22001097a 4500
008 160425b xxu||||| |||| 00| 0 eng d
100 _aChristensen, Sten
245 _aDenmark 2 Rigsbank-Skilling, 1851-1852 : postal history and philately
260 _aTrelleborg, Sweden
_bTrelleborg Philatelic Society
_c1980
500 _3translated by H. E. Tester
650 _aDenmark | 1851 1851-1852 19th Century | Stamps -- Histories | Postal History | First Issues | Definitive Issues | Production | Engraving | Sheets and Panes | Plates and Plating | Errors and Varieties | Blocks | Paper | Watermarks | Designs | Artists and Designers | Engravers Essays and Proofs | Reissues and Reprints | Forgeries and Counterfeits | Postal Markings | Bogus and Forged | Covers | Pre-adhesive Covers | Fee Paid Mail | Postal Laws and Regulations Postal Rates | Postal Service | Locals and Private Posts Transportation of Mail | Shipping Companies and Packet Service | Maritime Mail | Bibliographies
999 _c1932
_d1932